| 000 | 01500nam a22003977a 4500 | ||
|---|---|---|---|
| 003 | CHAP | ||
| 005 | 20220329141132.0 | ||
| 008 | 971010s1969 r 00010 d | ||
| 010 | _a63171 | ||
| 011 | _a64143 | ||
| 035 | _a69386 | ||
| 040 | _cCHAP | ||
| 082 | 0 | 4 |
_a512 _bA97Y |
| 100 | 0 | 0 |
_aAyres, Frank. _99021 |
| 245 | 1 | _aTeoría y problemas de algebra moderna | |
| 260 |
_aPanamá : _bMcgraw-Hill, _c1969 |
||
| 300 | _a245 p. | ||
| 490 | _aSerie de compedios Shaum | ||
| 590 |
_aBATCH-UPD _b10 _c20130109 _lUCH01 _h2316 |
||
| 590 |
_aBATCH-UPD _b10 _c20130110 _lUCH01 _h0701 |
||
| 590 |
_aBATCH-UPD _b10 _c20130410 _lUCH01 _h0346 |
||
| 590 |
_aBATCH-UPD _b10 _c20130914 _lUCH01 _h0502 |
||
| 590 |
_aCONVERSION _b10 _c20130109 _lUCH01 _h1334 |
||
| 650 | 1 | 4 |
_aÁlgebra. _982391 |
| 830 | 0 |
_aSerie de compedios Shaum _9104692 |
|
| 901 | _aBK | ||
| 942 | _cLIBRO | ||
| 949 |
_a512 A97Y _bBC _cLIBRO _d33724000408035 _eLIBRO _fc.6 _h45159 _i69386 _si |
||
| 949 |
_a512 A97Y _bBC _cLIBRO _d33724000408043 _eLIBRO _fc.2 _h13575 _i69386 _si |
||
| 949 |
_a512 A97Y _bBC _cLIBRO _d33724000408068 _eLIBRO _fc.5 _h34353 _i69386 _si |
||
| 949 |
_a512 A97Y _bBC _cLIBRO _d33724000408076 _eLIBRO _fc.4 _h13577 _i69386 _si |
||
| 949 |
_a512 A97Y _bBC _cLIBRO _d33724000408092 _eLIBRO _h13574 _i69386 _si |
||
| 949 |
_a512 A97Y _bBC _cLIBRO _d33724000820957 _eLIBRO _fc.7 _h45160 _i69386 _si |
||
| 949 |
_a512 A97Y _bBC _cLIBRO _d33724000821674 _eLIBRO _fc.3 _h13576 _i69386 _sb |
||
| 949 |
_a512 A97Y _bBC _cLIBRO _d33724000937124 _eLIBRO _fc.8 _h45161 _i69386 _so |
||
| 999 |
_c63171 _d63171 |
||